000 00495nam a2200193Ia 4500
005 20250522104340.0
008 008 250516s9999 xx 000 0 eng d
020 _a9781526648716
040 _aSDCL
_beng
_cSDCL
041 _aeng
_2eng
084 _aO-,3N91, R1 LR
_qSDCL
100 _aShannon, Samantha
_9752384
245 0 _aPriory of the Orange Tree
260 _aNew Delhi:
_bBloomsbury,
_c2021.
300 _a830p.
365 _aINR
_b699
650 _aReference
942 _cTEXL
999 _c1430030
_d1430030